000 00868nam a2200289 i 4500
003 DO-SdBNP
005 20250617145527.0
007 ta
008 250617t2000 mx 000 0 spa d
020 _a9700722619 (rustica)
020 _a9700722880 (tela)
040 _aDO-SdBNP
_bspa
_cBNPHU
_erda
082 _a972.8
_bA674
_222
100 _aArciniegas, German,
_d1900-1999
_eautor
_4aut.
_925387
245 1 0 _aBiografía del Caribe /
_cGermán Arciniegas
250 _aTercera edición
264 1 _aMéxico :
_bEditorial Porrúa,
_c2000.
300 _a404 páginas
_c20 cm.
336 _atexto
_btxt
_2rdacontent
337 _asin mediación
_bn
_2rdamedia
338 _avolumen
_bnc
_2rdacarrier
504 _aBibliografía p: 393-399.
590 _aInventariado, 2025/ YL
651 _aCaribe (Región)
_xHistoria
910 _aYLockward
942 _2ddc
_cLBS1
999 _c59321
_d59321